Programovací jazyky Algol a Cobol
Gespeichert in:
| 1. Verfasser: | |
|---|---|
| Format: | Buch |
| Sprache: | Tschechisch |
| Veröffentlicht: |
Praha
Nakladatelství dopravy a spojů
1971
|
| Ausgabe: | 3. nezměn. vyd. |
| Tags: |
Keine Tags, Fügen Sie das erste Tag hinzu!
|
MARC
| LEADER | 00000nam a2200000 4500 | ||
|---|---|---|---|
| 001 | c122204 | ||
| 005 | 20041019155224.6 | ||
| 041 | 0 | |a cze | |
| 044 | |a CZ | ||
| 245 | 1 | 0 | |a Programovací jazyky Algol a Cobol |c Jiří Fiala |
| 250 | |a 3. nezměn. vyd. | ||
| 264 | 1 | |a Praha |b Nakladatelství dopravy a spojů |c 1971 | |
| 300 | |a 175 s. | ||
| 100 | 1 | |a Fiala, Jiří | |